Konzervativní léčba potraumatické nitrolební hypertenze

Bibliographic Details
Main Author: Smrčka, Martin, 1965- (Author)
Format: Article
Language:Slovak
Czech
PhysicalDescription:Obr., tab.
ISSN:1335-9592
Subjects:

MARC

LEADER 00000nab a2200000 a 4500
001 vtls000866546
003 SK-MaSNL
005 20260304214812.0
008 250429c2003 xo 0 slo
015 |a SNBRB2004/03-09326 
035 |a CLN000218098 
035 |a urn:nbn:sk:snk-ab94q1 
035 |a (urnnbn)urn:nbn:sk:snk:ar-006lx1 
035 |a (uuid)bb6ea387-8b02-4490-b5a1-4856afa7b6bc 
040 |a SNKBUCL  |b slo  |c SNKBUCL  |e AACR2 
041 0 |a cze 
044 |a xo  |c SK 
080 |a 616.831-008.918-08  |2 1997 
100 1 |a Smrčka, Martin,  |d 1965-  |4 aut  |9 250207 
245 1 0 |a Konzervativní léčba potraumatické nitrolební hypertenze  |c Martin Smrčka 
300 |b Obr., tab. 
504 |a Res. čes. 
504 |a Bibliogr. odkazy 
650 0 7 |a poranenia mozgu  |x patofyziológia  |x terapia  |2 MESH  |9 1548889 
650 0 7 |a tlak intrakraniálny  |2 MESH  |9 874994 
650 0 7 |a terapia  |2 MESH  |9 781 
650 0 7 |a farmakoterapia  |x klasifikácia  |2 MESH  |9 1401290 
650 0 7 |a neurochirurgia  |2 MESH  |9 2549 
650 0 7 |a intrakraniálna hypertenzia  |2 MESH  |9 16146 
650 0 7 |a ošetrovanie  |2 MESH  |9 692803 
655 7 |a články z novín a časopisov  |2 snkbucl  |9 267496 
773 0 |t Neurológia pre prax  |g Roč. 4, č. 6 (2003), s. 288-292  |x 1335-9592 
850 |a Slovenská národná knižnica 
852 |a Slovenská národná knižnica 
954 |a odborná, vedecká literatúra pôvodná (slovenská)  |2 lita 
954 |a odborná, vedecká literatúra cudzojazyčná (svetová)  |2 lita 
958 |a article13 
958 |a NB 
958 |a MI 
958 |a OND 
958 |a EUIPO 
999 |c 3143340  |d 3145270